| 000 | 00551nam a2200193 4500 | ||
|---|---|---|---|
| 999 |
_c186394 _d186394 |
||
| 005 | 20220225121025.0 | ||
| 010 | _aENG-131808 | ||
| 020 |
_a9788194780427 _c699.00 |
||
| 035 | _aEN-115340 | ||
| 037 | _bDBAD/PUB | ||
| 082 | _a658.15 | ||
| 100 | _aShah, Paresh | ||
| 245 |
_aFinancial Management/ _cParesh Shah |
||
| 250 | _aThird Edition | ||
| 260 |
_aNew Delhi _bDreamtech Press _c2020 |
||
| 270 |
_a19-A, Ansari Road, Daryaganj _bNew Delhi _e110002 |
||
| 300 |
_axxx, 555p. _bIndex _c28cm(pbk) |
||
| 942 |
_2ddc _cEN _h658.15 _mSHA |
||